[Event "AUTO-INT-3306"]
[Site "http://www.queenalice.com/game.php?id=1509762"]
[Date "2017.12.28"]
[Round "1"]
[White "NN19"]
[Black "juleba"]
[Result "0-1"]
[WhiteElo "1313"]
[BlackElo "1750"]

1. e4 c5 2. c3 e5 3. d3 Nf6 4. Nf3 d5 5. Bg5 Qb6 6. Qc2 dxe4 7. dxe4 Bd6 8. Bxf6
gxf6 9. Nbd2 Be6 10. Nc4 Qc6 0-1

[Event "Challenge"]
[Site "http://www.queenalice.com/game.php?id=1509927"]
[Date "2017.12.30"]
[Round "-"]
[White "eduardocosta"]
[Black "juleba"]
[Result "0-1"]
[WhiteElo "1694"]
[BlackElo "1736"]

1. e3 e5 2. Nf3 Nc6 3. Bb5 Nge7 4. Bxc6 Nxc6 5. O-O e4 6. Ne1 d5 7. b3 Bd6 8.
Bb2 Be5 9. Bxe5 Nxe5 10. d3 Bg4 11. Qd2 Qg5 12. Kh1 Nf3 13. Nxf3 exf3 14. g3 Bh3
15. Rg1 O-O 16. e4 Qe5 17. Nc3 Qd4 18. exd5 Rfe8 19. Rad1 a6 20. Na4 Re2 21. c3
Qxf2 22. Rdf1 Bg2+ 23. Rxg2 Qxg2# 0-1

[Event "AUTO-INT-3308"]
[Site "http://www.queenalice.com/game.php?id=1510653"]
[Date "2018.1.5"]
[Round "1"]
[White "jeffcom2f"]
[Black "juleba"]
[Result "1-0"]
[WhiteElo "1728"]
[BlackElo "1646"]

1. c4 e5 2. e4 Bc5 3. Nf3 Nc6 4. Nc3 Nf6 5. Be2 Nd4 6. Nxd4 Bxd4 7. Qc2 c6 8.
O-O O-O 9. Bf3 d6 10. Ne2 Bc5 11. a3 b5 12. cxb5 cxb5 13. b4 Bb6 14. d3 Bb7 15.
Be3 Rc8 16. Bxb6 Qxb6 17. Qd2 h6 18. Nc3 Qd4 19. Ne2 Qb6 20. Rfc1 g5 21. h3 Bc6
22. d4 exd4 23. Qxd4 Qd8 24. Qxa7 Re8 25. Qe3 Nxe4 26. Bxe4 Bxe4 27. Rxc8 Qxc8
28. Rc1 Qa8 29. Qg3 Bc6 30. Re1 Qxa3 31. Qc3 Qxc3 32. Nxc3 1-0

[Event "AUTO-INT-3308"]
[Site "http://www.queenalice.com/game.php?id=1510654"]
[Date "2018.1.5"]
[Round "1"]
[White "juleba"]
[Black "jeffcom2f"]
[Result "0-1"]
[WhiteElo "1660"]
[BlackElo "1714"]

1. e4 e5 2. Nf3 d6 3. Bc4 Be6 4. Bxe6 fxe6 5. c3 Nf6 6. Qb3 Nxe4 7. Qxb7 Nd7 8.
Qxe4 Nf6 9. Qc6+ Nd7 10. d4 Rc8 11. dxe5 dxe5 12. Nxe5 Bd6 13. Bg5 Be7 14. Be3
Bf6 15. Nxd7 Qxd7 16. Qxd7+ Kxd7 17. O-O Ke7 18. Nd2 a6 19. Rfe1 Rcd8 20. Ne4 h6
21. Nxf6 gxf6 22. Rad1 e5 23. Rxd8 Rxd8 24. Bxh6 Rh8 25. Bd2 Ke6 26. b4 Rd8 27.
Be3 Rd3 28. c4 f5 29. Bf4 e4 30. f3 c6 31. fxe4 Rd4 32. exf5+ Kxf5 0-1

[Event "AUTO-INT-3308"]
[Site "http://www.queenalice.com/game.php?id=1510669"]
[Date "2018.1.5"]
[Round "1"]
[White "juleba"]
[Black "piemme"]
[Result "1-0"]
[WhiteElo "1692"]
[BlackElo "1585"]

1. e4 e5 2. Bc4 h6 3. Bxf7+ Kxf7 4. Qh5+ Ke6 5. Nf3 Qf6 6. Qe8+ Qe7 7. Qxc8 Qb4
8. Qxc7 Bd6 9. Qc8 Qxe4+ 10. Kd1 g5 11. d4 g4 12. Re1 Qf4 13. Bxf4 gxf3 14. Qe8+
Kd5 15. Nc3+ Kxd4 16. Bxe5+ Bxe5 17. Qxe5+ Kc4 18. Re4# 1-0

[Event "AUTO-INT-3308"]
[Site "http://www.queenalice.com/game.php?id=1510670"]
[Date "2018.1.5"]
[Round "1"]
[White "piemme"]
[Black "juleba"]
[Result "0-1"]
[WhiteElo "1573"]
[BlackElo "1704"]

1. e4 c5 2. Bc4 Nc6 3. Qh5 e6 4. d3 Nd4 5. Na3 g6 6. Qe5 Nf6 7. c3 Nc6 8. Qf4
Bg7 9. Nb5 O-O 10. Nf3 d5 11. exd5 exd5 12. Bb3 Nh5 13. Qd2 Re8+ 14. Kd1 Bg4 15.
Kc2 a6 16. Na3 Rc8 17. Ba4 d4 18. c4 Nb4+ 19. Kb1 Bf5 20. Bxe8 Bxd3+ 21. Nc2
Bxc2+ 22. Qxc2 Nxc2 23. Kxc2 d3+ 24. Kd2 Qxe8 25. Kxd3 Rd8+ 26. Kc2 Qe4+ 27. Kb3
Rd3+ 28. Ka4 Qxc4+ 29. Ka5 Qb5# 0-1

[Event "AUTO-INT-3308"]
[Site "http://www.queenalice.com/game.php?id=1510671"]
[Date "2018.1.5"]
[Round "1"]
[White "juleba"]
[Black "vangogh"]
[Result "1-0"]
[WhiteElo "1752"]
[BlackElo "1613"]

1. d4 d5 2. c4 e6 3. Nc3 Bb4 4. Nf3 dxc4 5. e3 Nf6 6. Bxc4 O-O 7. a3 Bxc3+ 8.
bxc3 Ne4 9. Qc2 f5 10. Ne5 a6 11. f3 Nd6 12. Ba2 b5 13. g4 Bb7 14. Bxe6+ Kh8 15.
d5 g6 16. c4 Qh4+ 17. Ke2 fxg4 18. Bb2 Kg7 19. Nxg6+ Kh6 20. Nxh4 bxc4 21. fxg4
c6 22. Be5 Ne8 23. Raf1 Rxf1 24. Rxf1 cxd5 25. Qf5 Nc6 26. Qh5# 1-0

[Event "AUTO-INT-3308"]
[Site "http://www.queenalice.com/game.php?id=1510672"]
[Date "2018.1.5"]
[Round "1"]
[White "vangogh"]
[Black "juleba"]
[Result "0-1"]
[WhiteElo "1605"]
[BlackElo "1715"]

1. e4 c5 2. d4 cxd4 3. Qxd4 Nc6 4. Qd1 e5 5. Nf3 Nf6 6. Bg5 Qb6 7. b3 Bc5 8. Qd2
Bb4 9. c3 Nxe4 10. Qd3 Nxf2 11. Qc4 Bc5 12. Qe2 O-O 13. Nxe5 Nxe5 14. Rg1 Re8
15. Kd2 Qd6+ 16. Kc2 Qg6+ 17. Kb2 Ned3+ 18. Kc2 Rxe2+ 19. Bxe2 Nb4+ 20. Kb2
Nbd3+ 21. Bxd3 Nxd3+ 22. Kc2 Nf2+ 23. Kb2 Qxg5 24. Re1 Nd3+ 25. Kc2 Nxe1+ 26.
Kd1 d5 27. Kxe1 Qe3+ 28. Kd1 Bg4+ 29. Kc2 Qe2+ 30. Nd2 Bf5+ 31. Kc1 Ba3# 0-1

[Event "Challenge"]
[Site "http://www.queenalice.com/game.php?id=1511093"]
[Date "2018.1.9"]
[Round "-"]
[White "zmanomega"]
[Black "juleba"]
[Result "0-1"]
[WhiteElo "1702"]
[BlackElo "1675"]

1. e4 c5 2. f4 e6 3. Nf3 d5 4. Bd3 dxe4 5. Bxe4 Nf6 6. Bd3 Bd6 7. Bb5+ Nc6 8. d3
Qa5+ 9. Nc3 Qc7 10. h3 Bxf4 11. Bd2 Bg3+ 12. Ke2 O-O 13. Bxc6 bxc6 14. Ne4 Nxe4
15. dxe4 Ba6+ 0-1

[Event "Challenge"]
[Site "http://www.queenalice.com/game.php?id=1516825"]
[Date "2018.2.21"]
[Round "-"]
[White "eduardocosta"]
[Black "juleba"]
[Result "1-0"]
[WhiteElo "1702"]
[BlackElo "1779"]

1. e3 e5 2. Be2 d5 3. Nf3 e4 4. Nd4 Nf6 5. c4 c5 6. Nb3 d4 7. exd4 cxd4 8. d3
Nc6 9. dxe4 Nxe4 10. Bf3 Qe7 11. O-O f5 12. Bxe4 fxe4 13. Nxd4 1-0